000 00416nam a22001577a 4500
005 20250219082847.0
008 250219b |||||||| |||| 00| 0 eng d
020 _a9781844805686
050 _aHF5657
_b.A.D78 DUR
100 _aDrury, Colin
245 _a Student's manual Management and cost accounting
250 _a7th
260 _aAustralia
_bSouth-Western
_cc2008
300 _avii, 430p
942 _2lcc
_cBK
_n0
999 _c3949
_d3949